Continent Letter Country Quartets Quiz Stats

 Plays Quiz Updated Jul 23, 2018

Challenge
Share
Tweet
Embed
Score 0/20 Timer 04:00
19 Plays Today
Hint Answer % Correct
Europe (L)Latvia
90%
Europe (B)Belgium
89.4%
Europe (L)Lithuania
89.2%
Europe (L)Luxembourg
85.8%
Africa (B)Botswana
81.8%
Europe (L)Liechtenstein
81.6%
Europe (B)Belarus
78.6%
Europe (B)Bulgaria
78.3%
Asia (M)Malaysia
76.3%
Asia (B)Bhutan
76%
Hint Answer % Correct
Asia (M)Mongolia
74.6%
Africa (B)Benin
73.9%
Asia (B)Bangladesh
73.8%
Asia (M)Myanmar
73.1%
Europe (B)Bosnia and Herzegovina
72.7%
Africa (B)Burundi
72.1%
Asia (B)Bahrain
68.3%
Asia (B)Brunei
67.3%
Africa (B)Burkina Faso
60.9%
Asia (M)Maldives
55.6%

You're not logged in!

Compare scores with friends on all Sporcle quizzes.
OR
Log In

You Might Also Like...

Show Comments

Extras

Top Quizzes Today


Score Distribution

Your Account Isn't Verified!

In order to create a playlist on Sporcle, you need to verify the email address you used during registration. Go to your Sporcle Settings to finish the process.

Report this User

Report this user for behavior that violates our Community Guidelines.

Details: